| 000 | 01075cam a2200337 a 4500 | ||
|---|---|---|---|
| 001 | 7518996 | ||
| 003 | ARRUPE | ||
| 005 | 20150129145616.0 | ||
| 008 | 090225s2007 rh ab b 000 0 eng | ||
| 010 | _a 2009334079 | ||
| 020 | _z1779200365 | ||
| 035 | _a(OCoLC)ocn317118503 | ||
| 035 | _a(OCoLC)317118503 | ||
| 035 | _a(NNC)7518996 | ||
| 040 |
_aDLC _cDLC _dNNC |
||
| 042 | _alcode | ||
| 043 | _af-rh--- | ||
| 050 | 0 | 0 |
_aGN865.Z55 _bN43 2007 |
| 100 | 1 |
_aNhamo, Ancila. _914785 |
|
| 245 | 1 | 0 |
_aOut of the labyrinth : _bthe significance of kudu images in the rock art of Zimunya / _cAncila Nhamo. |
| 260 |
_aHarare : _bUniversity of Zimbabwe Publications, _c2007. |
||
| 300 |
_aiv, 92 p. : _bcol. ill., col. maps ; _c21 cm. |
||
| 500 | _aErrata slip inserted. | ||
| 504 | _aIncludes bibliographical references (p. 78-86). | ||
| 650 | 0 |
_aRock paintings _zZimbabwe _zZimunya. _914786 |
|
| 650 | 0 |
_aGreater kudu _zZimbabwe _zZimunya. _914787 |
|
| 942 |
_2lcc _cMONOGRAPH |
||
| 948 | 0 |
_a20091211 _bx _cdc21 _dMPS |
|
| 948 | 1 |
_a20091223 _bc _cfra1 _dSCMC |
|
| 999 |
_c121938 _d121938 |
||